Biggest City in each U.S. State by Letter V - Statistics

General Stats
  • This quiz has been taken 508 times
  • The average score is 3 of 6
Answer Stats
State Population City % Correct
Virginia 447,021 Virginia Beach
98%
Washington 161,791 Vancouver
73%
California 124,442 Visalia
50%
Georgia 54,518 Valdosta
45%
Texas 62,592 Victoria
43%
New Jersey 60,724 Vineland
33%
No matching quizzes found
Score Distribution
Percent of People with Each Score
Percentile by Number Answered
Your Score History
You have not taken this quiz